Регионална библиотека "Любен Каравелов" - Русе

Един сокол лети (Запис номер 187820)

MARC детайли
000 -Лидер
Контролно поле с фиксирана дължина 01294nam a2200337 c 4500
003 - Код на организацията, давaща контролен номер
Контролно поле BLK
005 - Дата и час на последна редакция
Контролно поле 20231030152652.0
008 - Елементи от данни с фиксирана дължина
fixed length control field 180411b bul|||||r ||||||| ||bul||
010 ## - Наследен системен номер
LC control number KNG00196837000
040 ## - Източник на каталожния запис
Идентификатор на билиотеката - собственик на записа BLK
041 ## - Код за език
Код за езика на текст/звукозапис или на отделно заглавие Български
Код за езика КДБФ Български
080 ## - УДК
Текстов определител УДК ?Литература на ЮАР
УДК код - определител по УДК 896(680)
УДК определител -31
УДК - код + определител 896(680)-31
100 1# - Редна дума - Автор
Автор Смит, Уилбър Едисън
Авторска отговорност първи автор
R(LIN) 242238
139 ## - Редно поле
Редна дума Смит, Уилбър Едисън
Авторски знак Сми - С 47
245 10 - Сведения за заглавието
Заглавие Един сокол лети
Подзаглавни данни Роман
Редно поле (дума) Уилбър Едисън Смит; прев. от англ. Людмила Близнакова.
250 ## - Област на изданието
Сведения за изданието 2. изд.
260 ## - Област на издателските данни
Име на издателя, разпространителя и проч. Георги Бакалов
Година на издаване 1989
Печатница София : Балкан
Място на издаване, разпространение и проч. София
300 ## - Физическа характеристика
Страници 576 с.
Размери/Мащаб 20 см
380 ## - Жанр
Жанр Худож. лит.
500 ## - Общи забележки
Забележка Ориг. загл. A Falcon Flies / Wilbur Smith. - 1. изд. 1987 в библ. Океан. - Без тир.
653 ## - Ключова дума – ненормативна
Ключова дума романи
700 1# - Други автори (авторска отговорност)
Лично име Близнакова, Людмила
Автороска отговорност (Описва отношението между автора и произведението) прев. от англ.
9 (RLIN) 366677
852 ## - Местоположение
Форматна сигнатура Цб 159769
856 4# - Електронен адрес и достъп
Електронен формат pdf - файл
856 4# - Електронен адрес и достъп
Електронен формат pdf - файл
942 ## - АРТИКУЛИ
Вид на библиотечния материал Книги
Скрит в OPAC Не
Koha issues (borrowed), all copies 10
944 ## - СЪЗДАВАНЕ И РЕДАКЦИЯ на ЗАПИСА
Създаване/Редакция Създаване
Дата на регистрацията/редакция 25.11.2016
Статус, дата на статуса Минев Младен
Служител, извършил регистрацията/редакцията 30530
944 ## - СЪЗДАВАНЕ И РЕДАКЦИЯ на ЗАПИСА
Създаване/Редакция Редакция
Дата на регистрацията/редакция 28.09.2017
Статус, дата на статуса ф /
Служител, извършил регистрацията/редакцията Людмила_Стоянова
999 ## - СИСТЕМНИ КОНТРОЛНИ НОМЕРА
Koha biblionumber 187820
Koha biblioitemnumber 187820
999 ## - СИСТЕМНИ КОНТРОЛНИ НОМЕРА
Koha biblioitemnumber 187820
999 ## - СИСТЕМНИ КОНТРОЛНИ НОМЕРА
Koha biblioitemnumber 187820
Наличности
Код за отписване Код за изгубен артикул Източник на класификационната схема Код за повреда Коз за рестрикции Код за отдаване Артикулен № Име на библиотеката - собственик Име на библиотеката, в която се намира в момента Статус (Текущо местоположение) Дата на вписване в системата Местоположение - отдел Цена в лева Инвентарен номер Систематично азбучна сигнатура Баркод Номер на екземпляра Цена в евро Служебна бележка Служебен тип на артикула Бележка за публиката
  Не е изгубен Universal Decimal Classification Не е повреден без рестрикции ползва се в читалня 328425 Регионална библиотека "Любен Каравелов" Русе Регионална библиотека "Любен Каравелов" Русе Хранилище 1989-01-01 Хранилище 4.04 522749 Цб 159769 120000522749 1 2.07 Дост: Dp Вид: Д N: стар фонд Дата: 01.01.1989 Книги  
Изтеглен Не е изгубен   Не е повреден без рестрикции заемане за дома 328426 Регионална библиотека "Любен Каравелов" Русе Регионална библиотека "Любен Каравелов" Русе   1989-01-01 Заемна - подръчен фонд 4.04 524273 П 896-31/С 47 524273 2 2.07 Дост: Pk Вид: Ф N: стар фонд Дата: 01.01.1989 Книги Отч.N: 50/2017 , Дата: 10.10.2017
Изтеглен Не е изгубен Universal Decimal Classification Не е повреден без рестрикции заемане за дома 328427 Регионална библиотека "Любен Каравелов" Русе Регионална библиотека "Любен Каравелов" Русе Заемна - подръчен фонд 1989-01-01 Заемна - подръчен фонд 4.04 524274 П 896-31/С 47 120000524274 3 2.07 Дост: Pk Вид: Ф N: стар фонд Дата: 01.01.1989 Дата инв: 08.02.2018 Бележки инв: П2018 Книги  
Изтеглен Не е изгубен Universal Decimal Classification Не е повреден без рестрикции заемане за дома 328428 Регионална библиотека "Любен Каравелов" Русе Регионална библиотека "Любен Каравелов" Русе Заемна - подръчен фонд 1989-01-01 Заемна - подръчен фонд 4.04 524276 П 896-31/С 47 524276 4 2.07 Дост: Pk Вид: Ф N: стар фонд Дата: 01.01.1989 Книги  
Изтеглен Не е изгубен Universal Decimal Classification Не е повреден без рестрикции заемане за дома 328429 Регионална библиотека "Любен Каравелов" Русе Регионална библиотека "Любен Каравелов" Русе Заемна - подръчен фонд 1989-01-01 Заемна - подръчен фонд 4.04 524278 П 896-31/С 47 524278 5 2.07 Дост: Pk Вид: Ф N: стар фонд Дата: 01.01.1989 Книги  
Изтеглен Не е изгубен Universal Decimal Classification Не е повреден без рестрикции заемане за дома 328430 Регионална библиотека "Любен Каравелов" Русе Регионална библиотека "Любен Каравелов" Русе Заемна - подръчен фонд 1989-01-01 Заемна - подръчен фонд 4.04 524279 П 896-31/С 47 524279 6 2.07 Дост: Pk Вид: Ф N: стар фонд Дата: 01.01.1989 Книги  
Изтеглен Не е изгубен Universal Decimal Classification Не е повреден без рестрикции заемане за дома 328431 Регионална библиотека "Любен Каравелов" Русе Регионална библиотека "Любен Каравелов" Русе Заемна - подръчен фонд 1989-01-01 Заемна - подръчен фонд 4.04 524280 П 896-31/С 47 524280 7 2.07 Дост: Pk Вид: Ф N: стар фонд Дата: 01.01.1989 Книги  
Изтеглен Не е изгубен Universal Decimal Classification Не е повреден без рестрикции заемане за дома 328432 Регионална библиотека "Любен Каравелов" Русе Регионална библиотека "Любен Каравелов" Русе Заемна - подръчен фонд 1989-01-01 Заемна - подръчен фонд 0.25 629826 П 896-31/С 47 629826 8 0.13 Дост: DA Вид: А N: стар фонд Дата: 01.01.1989 Книги  
  Не е изгубен Universal Decimal Classification Не е повреден без рестрикции заемане за дома 328433 Регионална библиотека "Любен Каравелов" Русе Регионална библиотека "Любен Каравелов" Русе Дубликат 2017-06-23 Заемна - подръчен фонд 19.00 120000812727 Цб 159769 120000812727 9 9.71 Дост: DA Вид: А N: 26 Дата: 23.06.2017 Дата инв: 08.02.2018 Бележки инв: П2018 Книги  
Vip Innovations Ltd, Rousse, Bulgaria 2025